| 000 | 00518nam a2200205Ia 4500 | ||
|---|---|---|---|
| 003 | BUBTL | ||
| 008 | 151213s9999 xx 000 0 und d | ||
| 082 |
_a657 _bUDA |
||
| 100 | _aP. Md. Hafizuddin | ||
| 245 |
_aBasic Accounting _cP. Md. Hafizuddin |
||
| 250 | _a4th | ||
| 260 |
_aDhaka _bThe Angel Publication _c2007 |
||
| 300 | _a4286 p. | ||
| 650 | _aAccounting | ||
| 650 | _aAccounting | ||
| 700 | _aP. Md. Hafizuddin | ||
| 856 |
_k0 _l0 _yDownload |
||
| 942 |
_2ddc _cBK |
||
| 999 |
_c2704 _d2704 |
||